[Event "ARG-chT"]
[Site "Villa Martelli"]
[Date "2017.08.26"]
[Round "4.1"]
[White "Gomez, Carlos David"]
[Black "Fell, Sebastian"]
[Result "1-0"]
[WhiteElo "2219"]
[BlackElo "2328"]
[PlyCount "65"]
[EventDate "2017.08.05"]
[EventType "team-swiss"]
[EventRounds "9"]
[EventCountry "ARG"]
[SourceTitle "CBM 180 Extra"]
[Source "ChessBase"]
[SourceDate "2017.10.06"]
[SourceVersion "1"]
[SourceVersionDate "2017.10.06"]
[SourceQuality "1"]
[WhiteTeam "Ferro Carril Oeste"]
[BlackTeam "Club Argentino"]
[WhiteTeamCountry "ARG"]
[BlackTeamCountry "ARG"]

1. e4 e6 2. Qe2 d5 3. exd5 Qxd5 4. Nc3 Qd8 5. b3 b6 6. Qf3 c6 7. Bb2 Nf6 8. g4 Bb7 9. 0-0-0 Nbd7 10. g5 Nd5 11. Ne4 Qc7 12. c4 b5 13. d3 a5 14. Qg3 Qxg3 15. hxg3 N5b6 16. Bg2 a4 17. Ne2 Kd8 18. Kb1 Kc7 19. g6 f6 20. Rxh7 Rg8 21. Nf4 Re8 22. Bh3 e5 23. Be6 exf4 24. Bxg8 axb3 25. axb3 bxc4 26. Bf7 Rb8 27. dxc4 fxg3 28. Nxg3 c5 29. Nh5 Bf3 30. Re1 Bxh5 31. Rxh5 Nc8 32. Kc2 Ne7 33. Rh8 1-0

[Event "Andorra op 35th"]
[Site "Escaldes"]
[Date "2017.07.26"]
[Round "5"]
[White "Steinberg, Nitzan"]
[Black "Fell, Sebastian"]
[Result "1-0"]
[WhiteElo "2543"]
[BlackElo "2343"]
[PlyCount "23"]
[EventDate "2017.07.22"]
[EventType "swiss"]
[EventRounds "9"]
[EventCountry "AND"]
[SourceTitle "CBM 179 Extra"]
[Source "ChessBase"]
[SourceDate "2017.08.23"]
[SourceVersion "1"]
[SourceVersionDate "2017.08.23"]
[SourceQuality "1"]

1. e4 e6 2. d4 d5 3. e5 c5 4. c3 Nc6 5. Nf3 Qb6 6. Na3 cxd4 7. cxd4 Nge7 8. Nc2 Nf5 9. Bd3 Nb4 10. Nxb4 Bxb4+ 11. Kf1 0-0 12. g4 1-0

[Event "Buenos Aires Faogba Verano"]
[Site "Buenos Aires"]
[Date "2016.12.19"]
[Round "5.1"]
[White "Cardozo, Lucas"]
[Black "Fell, Sebastian"]
[Result "0-1"]
[WhiteElo "2049"]
[BlackElo "2294"]
[PlyCount "86"]
[EventDate "2016.12.15"]
[EventType "swiss"]
[EventRounds "6"]
[EventCountry "ARG"]
[SourceTitle "EXT 2024"]
[Source "ChessBase"]
[SourceDate "2023.10.10"]
[SourceVersion "1"]
[SourceVersionDate "2023.10.10"]
[SourceQuality "1"]

1. d4 g6 2. Nf3 Nf6 3. c4 Bg7 4. g3 0-0 5. Bg2 d6 6. Nc3 Nbd7 7. 0-0 e5 8. e4 c6 9. h3 Qa5 10. Be3 Re8 11. a3 exd4 12. Nxd4 Ne5 13. Qe2 a6 14. b4 Qc7 15. Rac1 Qe7 16. f4 Ned7 17. Rfe1 a5 18. Nb3 axb4 19. axb4 Nh5 20. Kh2 b6 21. Qd2 Ra3 22. Qb2 Ra7 23. Bd4 Nhf6 24. e5 dxe5 25. fxe5 Nh5 26. e6 fxe6 27. Bxg7 Qxg7 28. Bxc6 Rf8 29. Qd2 Ne5 30. Bg2 Raf7 31. Ne4 Bb7 32. Rc2 Nf3+ 33. Bxf3 Rxf3 34. Nd4 Bxe4 35. Rxe4 Qc7 36. Qe1 Nxg3 37. Nxf3 Nxe4+ 38. Kg2 Qf4 39. Nh2 Ng5 40. Qe2 h5 41. c5 Ne4 42. Nf1 Qg5+ 43. Kh1 Rxf1+ 0-1

[Event "Buenos Aires Faogba Verano"]
[Site "Buenos Aires"]
[Date "2016.12.17"]
[Round "4.1"]
[White "Fell, Sebastian"]
[Black "Encina, Guadalupe"]
[Result "1-0"]
[WhiteElo "2294"]
[BlackElo "1883"]
[PlyCount "57"]
[EventDate "2016.12.15"]
[EventType "swiss"]
[EventRounds "6"]
[EventCountry "ARG"]
[SourceTitle "EXT 2024"]
[Source "ChessBase"]
[SourceDate "2023.10.10"]
[SourceVersion "1"]
[SourceVersionDate "2023.10.10"]
[SourceQuality "1"]

1. e4 c5 2. Nf3 d6 3. d4 cxd4 4. Nxd4 Nf6 5. Nc3 a6 6. Bg5 e6 7. f4 Qb6 8. Qd3 Qxb2 9. Rb1 Qa3 10. f5 Nc6 11. fxe6 fxe6 12. Nxc6 bxc6 13. Be2 Qc5 14. Be3 Qe5 15. 0-0 h5 16. Bd4 Qg5 17. e5 Ng4 18. h4 Qxh4 19. Qg6+ Kd7 20. Rf7+ Be7 21. exd6 Qh2+ 22. Kf1 Qh1+ 23. Bg1 Rf8 24. dxe7 Rxf7+ 25. Qxf7 Ne3+ 26. Kf2 Qxg2+ 27. Kxe3 Qg5+ 28. Qf4 Qxe7 29. Rd1+ 1-0

[Event "Buenos Aires Faogba Verano"]
[Site "Buenos Aires"]
[Date "2016.12.16"]
[Round "2.2"]
[White "Fell, Sebastian"]
[Black "Morelli, Nicolas"]
[Result "1-0"]
[WhiteElo "2294"]
[BlackElo "2014"]
[PlyCount "83"]
[EventDate "2016.12.15"]
[EventType "swiss"]
[EventRounds "6"]
[EventCountry "ARG"]
[SourceTitle "EXT 2024"]
[Source "ChessBase"]
[SourceDate "2023.10.10"]
[SourceVersion "1"]
[SourceVersionDate "2023.10.10"]
[SourceQuality "1"]

1. e4 e5 2. Bc4 Nf6 3. d3 c6 4. Nf3 d5 5. Bb3 a5 6. Nc3 a4 7. Nxa4 d4 8. Ng5 Rxa4 9. Bxa4 h6 10. Nf3 Qa5+ 11. c3 dxc3 12. 0-0 Bg4 13. Bb3 Nbd7 14. bxc3 Qxc3 15. Rb1 Qa5 16. Bb2 Bc5 17. h3 Bxf3 18. Qxf3 0-0 19. Kh1 Bd4 20. Qf5 Bxb2 21. Rxb2 Nc5 22. Rd1 Rd8 23. Rc2 Ncxe4 24. Re2 Nc3 25. Rxe5 Qb4 26. Rde1 Ncd5 27. g3 Qd4 28. Kg1 g6 29. Qf3 Kg7 30. h4 Rd7 31. Kg2 h5 32. Bxd5 Nxd5 33. R1e4 Qc3 34. Qe2 Nf6 35. Re7 Rxd3 36. Rxf7+ Kxf7 37. Re7+ Kf8 38. Qe6 Rxg3+ 39. fxg3 Qc2+ 40. Kh3 Qf5+ 41. Qxf5 gxf5 42. Rxb7 1-0